Kierowcy Formuły 1 w sezonie 2022 - Statystyki

Ogólne statystyki
  • Ten quiz został rozwiązany 165 razy
  • Średni wynik to 18 z 21
Statystyki odpowiedzi
Hint Odpowiedź % Poprawnych
Mercedes Lewis Hamilton
99%
Red Bull Max Verstappen
99%
Ferrari Charles Leclerc
97%
Ferrari Carlos Sainz
96%
Red Bull Sergio Perez
96%
Aston Martin Sebastian Vettel
95%
Alpine Fernando Alonso
94%
McLaren Lando Norris
94%
Mercedes George Russell
93%
Alfa Romeo Valtteri Bottas
91%
Haas Mick Schumacher
88%
AlphaTauri Pierre Gasly
86%
AlphaTauri Yuki Tsunoda
86%
Aston Martin Lance Stroll
85%
Alpine Esteban Ocon
84%
McLaren Daniel Ricciardo
79%
Williams Nicholas Latifi
79%
Williams Alexander Albon
76%
Alfa Romeo Guanyu Zhou
74%
Aston Martin Nico Hulkenberg
60%
Haas Nikita Mazepin
42%
Nie znaleziono quizów pasujących do podanych kryteriów
Rozkład punktacji
Procent ludzi z każdym wynikiem
Percentyl według liczby udzielonych odpowiedzi
Twoja historia wyników
Nie rozwiązałeś tego quizu